000 00601nam a2200217 a 4500
999 _c4739
_d4739
001 4739
003 BD-JhCC
005 20180305190736.0
008 171130s19631964p a|||| | || 000 0 eng d
035 _a(BD-JhCC)4739
040 _aBD-JhCC
_dBD-JhCC
041 _aeng
082 _a428.6
_bENG 1964
100 _aThe New Model English Course
245 _aThe New Model English Course /
_cEast Pakistan School Text Book Board
260 _aDacca :
_bEast Pakistan School Text Book Board
_c1964.
300 _a162 p. :
_c18 cm.
650 _aEnglsih Language
942 _2ddc
_cBK